[Event "TCh-SWE Elite 2012-13"]
[Site "Sweden SWE"]
[Date "2013.03.15"]
[Round "7"]
[White "Moberg,K"]
[Black "Forsberg,V"]
[Result "0-1"]
[WhiteElo "2302"]
[BlackElo "2241"]

1.d4 Nf6 2.c4 g6 3.Nc3 Bg7 4.e4 d6 5.Nf3 O-O 6.Be2 e5 7.d5 a5 8.Bg5 h6 9.Bh4 Na6
10.Nd2 Qe8 11.O-O Nh7 12.a3 Bd7 13.f3 h5 14.b3 Bh6 15.Bf2 Qe7 16.Qc2 h4 17.Kh1 Kg7
18.Rab1 Rh8 19.b4 axb4 20.axb4 Nf6 21.c5 Nh5 22.Bxa6 bxa6 23.c6 Ng3+ 24.Kg1 Nxf1
25.Nxf1 Bc8 26.Be3 Bxe3+ 27.Nxe3 Rf8 28.h3 f5 29.Qe2 fxe4 30.fxe4 Qg5 31.Kh1 Qg3
32.Rb2 Bxh3 33.gxh3 Rf3 34.Ncd1 Raf8 35.Qg2 Rxe3 36.Nxe3 Qxe3 37.Re2 Qc1+
38.Kh2 Rf1 39.Rf2 Rxf2 40.Qxf2 Qg5 41.Kh1 Qg3 42.Qf1 Qa3 43.Kh2 Qxb4 44.Qxa6 Qxe4
45.Qc8 Qf4+ 46.Kg2 Qf7 47.Qd7 e4 48.Qg4 Qf3+ 49.Qxf3 exf3+ 50.Kxf3 Kf6 51.Kg4 g5
52.Kh5 Kf5 53.Kh6 g4 54.hxg4+ Kxg4 55.Kg6 h3 56.Kf6 h2 57.Ke6 h1=Q  0-1

[Event "TCh-CZE Div1 Vychod 2012-13"]
[Site "Czech Republic CZE"]
[Date "2013.03.17"]
[Round "9.5"]
[White "Obsivac,J"]
[Black "Sobek,J"]
[Result "0-1"]
[WhiteElo "2281"]
[BlackElo "2283"]

1.d4 Nf6 2.c4 g6 3.Nc3 Bg7 4.e4 d6 5.Nf3 O-O 6.Be2 e5 7.d5 a5 8.h3 Na6 9.Bg5 Qe8
10.g4 Bd7 11.a4 Nc5 12.Nd2 c6 13.Ra3 h6 14.Be3 Qe7 15.Kf1 Kh7 16.h4 Ne8 17.Kg2 Na6
18.Nf1 Nb4 19.Bd2 f5 20.gxf5 gxf5 21.Ng3 f4 22.Nh5 Rg8 23.Kf1 Nf6 24.Nxf6+ Bxf6
25.h5 Rg5 26.Bf3 Rag8 27.Ke2 Bg4 28.Nb1 Qf7 29.Bxg4 Rxg4 30.Rah3 Bd8 31.Bxb4 axb4
32.Qd3 Bb6 33.R3h2 Bd4 34.b3 f3+ 35.Kd1 Rg1+ 36.Kc2 R8g2 37.Rxg2 Rxb1 38.Rgg1  0-1

[Event "3rd HD Bank Cup 2013"]
[Site "Ho Chi Minh City VIE"]
[Date "2013.03.19"]
[Round "1.38"]
[White "Yuan,Ye"]
[Black "Zhang Xiaowen"]
[Result "0-1"]
[WhiteElo "2014"]
[BlackElo "2376"]

1.d4 Nf6 2.c4 g6 3.Nc3 Bg7 4.e4 d6 5.Nf3 O-O 6.Be2 e5 7.Be3 Ng4 8.Bg5 f6
9.Bh4 Nc6 10.d5 Ne7 11.Nd2 f5 12.b4 Bf6 13.Bxf6 Nxf6 14.f3 c6 15.b5 fxe4
16.Ndxe4 Nxe4 17.Nxe4 cxd5 18.cxd5 Qb6 19.a4 a5 20.bxa6 bxa6 21.a5 Qb4+ 22.Qd2 Nxd5
23.Qxb4 Nxb4 24.Rb1 Nc2+ 25.Kd2 Nd4 26.Nxd6 Rd8 27.Nxc8 Raxc8 28.Bd3 Rc5
29.Ke3 Rc3 30.Rhc1 Nf5+  0-1

[Event "TCh-AUT 2012-13"]
[Site "St.Veit AUT"]
[Date "2013.03.21"]
[Round "8.6"]
[White "Gerhold,M"]
[Black "Lehner,O"]
[Result "0-1"]
[WhiteElo "2256"]
[BlackElo "2446"]

1.Nf3 Nf6 2.c4 g6 3.Nc3 Bg7 4.e4 O-O 5.d4 d6 6.Be2 e5 7.Be3 Na6 8.O-O Ng4
9.Bg5 Qe8 10.dxe5 dxe5 11.h3 h6 12.Bd2 Nf6 13.Be3 b6 14.a3 Nc5 15.Bxc5 bxc5
16.Nd5 Qd8 17.Nxf6+ Qxf6 18.Qd5 Rb8 19.Rab1 Bb7 20.Qxc5 Bxe4 21.Rbe1 Rxb2
22.Qxc7 Qb6 23.Qe7 Qa5 24.c5 Rb7 25.Qh4 Bc6 26.Qc4 Rb5 27.Rc1 Qxa3 28.Rfd1 e4
29.Ne1 Bb2 30.Nc2 Qxc5 31.Rb1 Qxc4 32.Bxc4 Rb6 33.Rd6 Kg7 34.Ne3 Rc8 35.Ba6 Rc7
36.Nc4 Rxa6 37.Rxb2 Ra1+ 38.Kh2 Be8 39.Ne3 Rd7 40.Rc6 f5 41.Rc8 Bf7 42.g3 a5
43.Ra8 a4 44.h4 a3 45.Rc2 h5 46.Kg2 Rb7 47.Ra5 Rbb1 48.f3 Rb2 49.Rxa3 Rxa3  0-1

[Event "25th Metropolitan IM"]
[Site "Los Angeles USA"]
[Date "2013.03.22"]
[Round "5"]
[White "Kalantarian,No"]
[Black "Matikozian,A"]
[Result "1/2-1/2"]
[WhiteElo "2412"]
[BlackElo "2429"]

1.d4 Nf6 2.c4 g6 3.Nc3 Bg7 4.e4 d6 5.Nf3 O-O 6.Be2 e5 7.dxe5 dxe5 8.Qxd8 Rxd8
9.Bg5 Re8 10.Nd5 Nxd5 11.cxd5 c6 12.Bc4 cxd5 13.Bxd5 Na6 14.O-O Nb4 15.Bb3 Be6
16.Bxe6 Rxe6 17.a3 Nc6 18.Rac1 f6 19.Be3 Rd8 20.Rfd1  1/2-1/2

[Event "TCh-AUT 2012-13"]
[Site "St.Veit AUT"]
[Date "2013.03.22"]
[Round "9.1"]
[White "Ragger,M"]
[Black "Rapport,R"]
[Result "1/2-1/2"]
[WhiteElo "2655"]
[BlackElo "2621"]

1.c4 g6 2.d4 Bg7 3.Nc3 d6 4.e4 Nf6 5.Be2 O-O 6.Nf3 e5 7.O-O exd4 8.Nxd4 Re8
9.f3 Nc6 10.Be3 Nh5 11.Qd2 Nxd4 12.Bxd4 Nf4 13.Rfd1 Bxd4+ 14.Qxd4 Nxe2+ 15.Nxe2 b6
16.Nc3 Bb7 17.Nd5 Bxd5 18.cxd5 Qg5 19.Rac1 Re7 20.Qd2 Qe5 21.Qd4 Qg5 22.Qd2 Qe5
23.Qd4 Qg5 24.Qd2  1/2-1/2

[Event "North Carolina Invitational 2013"]
[Site "Chapel Hill USA"]
[Date "2013.03.23"]
[Round "2"]
[White "Timmel,J"]
[Black "Shamilov,Edu"]
[Result "0-1"]
[WhiteElo "2087"]
[BlackElo "2187"]

1.d4 Nf6 2.c4 g6 3.Nc3 Bg7 4.e4 d6 5.Nf3 O-O 6.Be2 Na6 7.O-O e5 8.Be3 Ng4
9.Bg5 Qe8 10.h3 h6 11.Bh4 Nf6 12.d5 Nh5 13.Ne1 Nf4 14.Nd3 f5 15.f3 Nxe2+
16.Qxe2 g5 17.Be1 f4 18.Rc1 h5 19.Nf2 c5 20.Nb5 Qg6 21.a3 Rf7 22.Bd2 Bf8
23.b4 Rg7 24.Rb1 b6 25.Rb3 Be7 26.Rfb1 g4 27.fxg4 Bh4 28.Kf1 Bxf2 29.Qxf2 hxg4
30.Qh4 Bd7 31.hxg4 Rh7 32.Qf2 Rh1+  0-1

[Event "19th Schloss Open"]
[Site "Werther GER"]
[Date "2013.03.23"]
[Round "5.8"]
[White "Goecke,K"]
[Black "Plassmann,D"]
[Result "1-0"]
[WhiteElo "2203"]
[BlackElo "2059"]

1.d4 Nf6 2.Nf3 g6 3.c4 Bg7 4.Nc3 O-O 5.e4 d6 6.Be2 e5 7.d5 a5 8.Bg5 h6 9.Bh4 Na6
10.Nd2 Nc5 11.O-O Bd7 12.b3 Qc8 13.f3 Nh7 14.a3 f5 15.b4 axb4 16.axb4 Rxa1
17.Qxa1 Na6 18.Qa3 g5 19.Bf2 f4 20.c5 dxc5 21.bxc5 Nb8 22.Qb3 Kh8 23.Rb1 g4
24.Qxb7 Qd8 25.c6 Bxc6 26.Qb2 gxf3 27.Nxf3 Ba8 28.Nh4 Qf6 29.Bh5 Rd8 30.Qxb8 Rxb8
31.Rxb8+ Nf8 32.Rxa8 Kh7 33.Bg4 h5 34.Bf5+ Kh6 35.Nb5 c6 36.Ra6 cxb5 37.Rxf6+ Bxf6
38.Bc5 Nh7 39.Nf3 Ng5 40.Nxg5 Kxg5 41.Bd7 f3 42.g3  1-0

[Event "Norwegian Open 2013"]
[Site "Fagernes NOR"]
[Date "2013.03.24"]
[Round "3"]
[White "Laverton,C"]
[Black "Gullaksen,E"]
[Result "0-1"]
[WhiteElo "2096"]
[BlackElo "2391"]

1.d4 Nf6 2.c4 g6 3.Nc3 Bg7 4.e4 O-O 5.Nf3 d6 6.Be2 Na6 7.O-O e5 8.d5 Nc5
9.Qc2 a5 10.Bg5 h6 11.Be3 b6 12.Nd2 Qe8 13.b3 Ng4 14.Bxg4 Bxg4 15.a3 Bd7
16.b4 Na6 17.bxa5 bxa5 18.Rab1 f5 19.f3 f4 20.Bf2 g5 21.c5 Nxc5 22.Bxc5 dxc5
23.Nc4 Rf6 24.Rb7 Rc8 25.Rfb1 g4 26.Nb5 gxf3 27.gxf3 Qh5 28.Qf2 Rg6+ 29.Kh1 Bh3
30.Rg1 Rxg1+ 31.Kxg1 Qg6+ 32.Kh1 Qa6 33.Nxa5 Qxa5 34.Qh4 Bd7 35.Qe7 Qe1+
36.Kg2 Qe2+  0-1

[Event "36th San Sebastian Open"]
[Site "Donostia ESP"]
[Date "2013.03.25"]
[Round "4.9"]
[White "Lakunza Oyarbide,J"]
[Black "Guerra Bastida,D"]
[Result "0-1"]
[WhiteElo "2116"]
[BlackElo "2401"]

1.d4 d6 2.c4 Nf6 3.Nc3 g6 4.e4 Bg7 5.Be2 O-O 6.Nf3 Nbd7 7.O-O e5 8.d5 Nc5
9.Qc2 a5 10.Ne1 Nfd7 11.Be3 f5 12.f3 f4 13.Bf2 g5 14.g4 fxg3 15.hxg3 Nf6
16.Nd3 Nxd3 17.Qxd3 g4 18.Be3 gxf3 19.Bxf3 Qe8 20.Kg2 Qg6 21.Rh1 Ng4 22.Rh4 Bf6
23.Rhh1 h5 24.Raf1 Rf7 25.Bd2 Rg7 26.Be2 h4 27.Rf3 Bd7 28.Kf1 hxg3 29.Rxg3 Ne3+
30.Qxe3 Qxg3 31.Qxg3 Rxg3 32.Kf2 Rh3 33.Rg1+ Kh8 34.Rg6 Rf8 35.Kg2 Kh7 36.Rg3 Rxg3+
37.Kxg3 Rg8+ 38.Kf2 Bh4+  0-1

[Event "LEM Schleswig-Holstein 2013"]
[Site "Neumuenster GER"]
[Date "2013.03.25"]
[Round "3.5"]
[White "Krause,Jonah"]
[Black "Homuth,M"]
[Result "1-0"]
[WhiteElo "2017"]
[BlackElo "2166"]

1.d4 Nf6 2.c4 g6 3.Nc3 Bg7 4.e4 d6 5.Nf3 O-O 6.Be2 e5 7.O-O Nbd7 8.Be3 c6
9.d5 c5 10.Ne1 Qe7 11.g4 Ne8 12.Kh1 f5 13.exf5 gxf5 14.gxf5 Ndf6 15.Nf3 Bxf5
16.Ng5 Nc7 17.Bxc5 dxc5 18.d6 Qd7 19.dxc7 Qxc7 20.Bf3 Rad8 21.Nd5 Nxd5 22.Bxd5+ Kh8
23.Qh5 Bg6 24.Qe2 Rf6 25.Ne6 Rxe6 26.Bxe6 Bd3 27.Qh5 Bxf1 28.Rxf1 Qc6+ 29.Bd5 Qh6
30.Qg4 Qf4 31.Qg2 b6 32.Rg1 Qf8 33.Qg4 Qe7 34.Rg3 Rf8 35.Rh3 Rf4 36.Qg6  1-0

[Event "36th San Sebastian Open"]
[Site "Donostia ESP"]
[Date "2013.03.26"]
[Round "5.18"]
[White "Ruiz Escobar,R"]
[Black "Lakunza Oyarbide,J"]
[Result "1-0"]
[WhiteElo "1932"]
[BlackElo "2116"]

1.d4 Nf6 2.Nf3 g6 3.c4 Bg7 4.Nc3 O-O 5.e4 d6 6.Be2 e5 7.Be3 Ng4 8.Bg5 f6
9.Bd2 Nc6 10.d5 Ne7 11.h3 Nh6 12.O-O Nf7 13.b4 f5 14.Ng5 Nxg5 15.Bxg5 h6
16.Bd2 Kh7 17.f3 Ng8 18.Be1 Bf6 19.Bf2 Bh4 20.g3 Be7 21.exf5 Bxf5 22.g4 Bd7
23.Bd3 Bh4 24.Qe2 Kg7 25.Ne4 Bxf2+ 26.Qxf2 Nf6 27.Qg3 Nxe4 28.Bxe4 Rf4 29.Qf2 Qe7
30.Qe2 Be8 31.Rae1 Qf6 32.Qh2 Qh4 33.Re2 Bd7 34.Rg2 Raf8 35.Qg3 Qe7 36.Qe1 Ra8
37.Re2 Qf6 38.Rg2 Qe7 39.Qg3 Raf8 40.Re1 Ra8 41.Bxg6 Rxc4 42.Bf5 Rxb4 43.f4 Re8
44.fxe5 dxe5 45.Bxd7 Qxd7 46.Rxe5 Re4 47.Rxe4 Rxe4 48.Qc3+ Kg8 49.Qd3 Qe7
50.Rf2 Re1+ 51.Kg2 Kg7 52.Qc3+ Qe5 53.Qxe5+ Rxe5 54.Rc2 Re7 55.h4 Kf6 56.Rf2+ Kg6
57.Kg3 Rd7 58.Rd2 c6 59.d6 Kf6 60.Kf4 c5 61.a4 Ke6 62.Re2+ Kxd6 63.Kf5 Kc7
64.g5 hxg5 65.hxg5 Rd1 66.Rg2 Kd6 67.g6 Rf1+ 68.Kg4 Rf8 69.Rd2+ Kc6 70.g7 Rb8
71.Rf2 Rg8 72.Kg3  1-0

[Event "36th San Sebastian Open"]
[Site "Donostia ESP"]
[Date "2013.03.26"]
[Round "5.9"]
[White "Silva Rodriguez,F"]
[Black "Thomassen,J"]
[Result "0-1"]
[WhiteElo "2175"]
[BlackElo "2394"]

1.d4 Nf6 2.c4 g6 3.Nc3 Bg7 4.e4 O-O 5.Nf3 d6 6.Be2 Na6 7.O-O e5 8.Be3 Ng4
9.Bg5 Qe8 10.Re1 exd4 11.Nxd4 Qe5 12.Nf3 Qc5 13.Bh4 Ne5 14.Nd2 Nc6 15.Nb3 Qe5
16.Bg3 Qe7 17.Qd2 Be6 18.Nd5 Qd8 19.Rad1 b6 20.a3 Rb8 21.Na1 Nc5 22.Bf1 Bc8
23.b4 Ne6 24.Nc2 Ncd4 25.Nxd4 Nxd4 26.e5 dxe5 27.Bxe5 Bxe5 28.Rxe5 c5 29.Qh6 Rb7
30.Rde1 Be6 31.Qf4 Bxd5 32.cxd5 Rd7 33.Bc4 Kg7 34.h4 Qf6 35.Qe4 h5 36.Re3 Nf5
37.Rf3 Qxh4 38.Rf4 Qf6 39.Be2 Nd6 40.Qe3 Nf5 41.Qe4 Nd6 42.Qe3 Qd8 43.bxc5 bxc5
44.Qxc5 Re8 45.Qd4 Kg8 46.Bd3 Rxe5 47.Qxe5 Qe7 48.Qd4 Nc8 49.a4 Nb6 50.Be4 Qg5
51.Rf3 Nxd5 52.Bxd5 Rxd5 53.Qxa7 Rd1+ 54.Kh2 Qh4+ 55.Rh3 Qf4+ 56.g3 Qf3 57.Qa8+ Qxa8  0-1

[Event "e2e4 Dublin Masters"]
[Site "Dublin IRL"]
[Date "2013.03.28"]
[Round "1"]
[White "Courtney,John"]
[Black "Kosiorek,M"]
[Result "0-1"]
[WhiteElo "2005"]
[BlackElo "2366"]

1.d4 Nf6 2.c4 g6 3.Nc3 Bg7 4.e4 d6 5.Nf3 O-O 6.Be2 Nbd7 7.O-O e5 8.Be3 Re8
9.d5 Ng4 10.Bg5 f6 11.Bd2 Nh6 12.b4 Nf7 13.Qc2 Bh6 14.a4 Bxd2 15.Nxd2 a5
16.bxa5 Nc5 17.Nb3 Nxb3 18.Qxb3 Rxa5 19.Qb4 b6 20.Ra3 Bd7 21.Rfa1 Qe7 22.Na2 Rea8
23.Nc1 Qe8 24.Bd1 Nd8 25.g4 Nb7 26.Nd3 R8a7 27.h4 Ra8 28.f3 Qe7 29.R1a2 Rf8
30.Rg2 Kh8 31.Qd2 Rf7 32.h5 gxh5 33.gxh5 f5 34.Qg5 Qxg5 35.Rxg5 Rg7 36.Rg2 Rxg2+
37.Kxg2 f4 38.Nf2 Kg7 39.Ng4 Nc5 40.Kh3 Nxa4 41.Kh4 Nb2 42.Rxa5 bxa5 43.Bb3 a4
44.Ba2 Nd1 45.c5 Bxg4 46.Kxg4 Ne3+ 47.Kh4 dxc5  0-1

[Event "Pobeskydi Open 2013"]
[Site "Frydek-Mistek CZE"]
[Date "2013.03.28"]
[Round "1"]
[White "Kuciel,W"]
[Black "Rabatin,J"]
[Result "0-1"]
[WhiteElo "2042"]
[BlackElo "2174"]

1.Nf3 Nf6 2.c4 g6 3.Nc3 Bg7 4.e4 d6 5.d4 O-O 6.Be2 e5 7.Be3 Ng4 8.Bg5 f6
9.Bh4 g5 10.Bg3 Nh6 11.dxe5 fxe5 12.h4 g4 13.Ng5 Nc6 14.c5 Nd4 15.cxd6 cxd6
16.Bc4+ Kh8 17.O-O Bf6 18.Qd2 Bxg5 19.hxg5 Nf7 20.Bh4 Be6 21.Nd5 Rg8 22.f4 gxf3
23.gxf3 Nxg5 24.Kh1 h6 25.Be2 Bxd5 26.exd5 Qd7 27.Rf2 Qh3+ 28.Rh2 Qxh2+ 29.Kxh2 Ndxf3+  0-1

[Event "6th Montalvo Open"]
[Site "Las Palmas ESP"]
[Date "2013.03.28"]
[Round "4.7"]
[White "Acosta Sosa,J"]
[Black "Brito Garcia,A"]
[Result "1/2-1/2"]
[WhiteElo "2150"]
[BlackElo "2313"]

1.d4 Nf6 2.c4 g6 3.Nc3 Bg7 4.e4 d6 5.Nf3 O-O 6.Be2 Na6 7.O-O e5 8.Be3 Qe8
9.dxe5 dxe5 10.h3 b6 11.a3 Bb7 12.Qc2 Nd7 13.b4 c6 14.Rfd1 Nc7 15.Rd6 Ne6
16.Qd2 Rd8 17.Rd1 Nb8 18.Rxd8 Qxd8 19.Qxd8 Rxd8 20.Rxd8+ Nxd8 21.c5 b5 22.Bd1 Bc8
23.Bb3 Be6 24.Nd2 Kf8 25.Kf1 Ke7 26.Ke2 Nb7 27.Kd3 Kd7 28.Bxe6+ Kxe6 29.Nb3 Bf8
30.f3 Be7 31.Ne2 Na6 32.f4 exf4 33.Nxf4+ Kd7 34.e5 Nc7 35.Ke4 Nd8 36.Na5 Nce6
37.Nxe6 Kxe6 38.Nb3 h5 39.g4 hxg4 40.hxg4 Kd7 41.Nd4 Nb7 42.g5 Nd8 43.Bd2 Nb7
44.Nb3 Bd8 45.Kd4 Bc7 46.Ke4 Nd8 47.Nd4 a6 48.Bf4 Ke7 49.Bg3 a5 50.Bf4 a4
51.Bg3 Kd7 52.Bf4 Ne6 53.Nxe6 Kxe6 54.Bg3 Bd8 55.Bf4 Be7 56.Be3 Bf8 57.Bd2  1/2-1/2

[Event "17th Neckar Open"]
[Site "Deizisau GER"]
[Date "2013.03.29"]
[Round "3.6"]
[White "Gajewski,G"]
[Black "Korotkjevich,S"]
[Result "1/2-1/2"]
[WhiteElo "2650"]
[BlackElo "2389"]

1.d4 d6 2.Nf3 g6 3.c4 Bg7 4.e4 Nf6 5.Nc3 O-O 6.Be2 Nbd7 7.O-O e5 8.Re1 Re8
9.Bf1 a6 10.d5 a5 11.Bg5 h6 12.Bh4 Bf8 13.a3 Be7 14.b4 Rf8 15.h3 Ne8 16.Bg3 f5
17.exf5 gxf5 18.Qc2 Ng7 19.Rad1 b6 20.Qc1 Kh7 21.Bd3 axb4 22.axb4 Nf6 23.Bb1 Ng8
24.c5 bxc5 25.bxc5 Bf6 26.Nd2 Bg5 27.Qc2 Ba6 28.Nf3 Ne7 29.Bh4 Ng6 30.Bxg5 hxg5
31.g3 e4 32.Nd4 Qf6 33.Ne6 Nxe6 34.dxe6 Bd3 35.Nd5 Bxc2 36.Nxf6+ Rxf6 37.Bxc2 Rxe6
38.g4 fxg4 39.Rxe4 Rxe4 40.Bxe4 Ra4 41.Bf5 Ra5 42.cxd6 cxd6 43.hxg4 Ra6 44.Rd5 Kh6
45.Rb5 Kg7 46.Be4 Ne5 47.Kg2 Ra4 48.f3 Ra2+ 49.Kg3 Rd2 50.Rb7+ Kf6 51.Rh7 Nf7
52.Bf5 Ra2 53.Bd3 Rd2 54.Be4 d5 55.Bf5 d4 56.Rh1 Re2 57.Rd1 Nd6 58.Rxd4  1/2-1/2

[Event "Pobeskydi Open 2013"]
[Site "Frydek-Mistek CZE"]
[Date "2013.03.29"]
[Round "4"]
[White "Melzer,Patrik"]
[Black "Petkevich,Denis"]
[Result "1-0"]
[WhiteElo "2135"]
[BlackElo "1915"]

1.Nf3 Nf6 2.d4 g6 3.c4 Bg7 4.Nc3 d6 5.e4 O-O 6.Be2 Nbd7 7.O-O e5 8.d5 a5
9.Qc2 Nh5 10.g3 f5 11.exf5 gxf5 12.Nh4 Nf4 13.Nxf5 Nh3+ 14.Kg2 Nc5 15.Bg4 Qf6
16.Bxh3 Bxf5 17.Bxf5 Qxf5 18.Qxf5 Rxf5 19.Be3 Nd3 20.Rab1 Raf8 21.Ne4 b6
22.a3 Rb8 23.b4 axb4 24.axb4 Ra8 25.Rb3  1-0

[Event "6th Montalvo Open"]
[Site "Las Palmas ESP"]
[Date "2013.03.29"]
[Round "7.19"]
[White "Lorenzo Perez,Raul"]
[Black "Bismuth,L"]
[Result "1-0"]
[WhiteElo "1745"]
[BlackElo "1948"]

1.d4 Nf6 2.c4 g6 3.Nc3 Bg7 4.e4 d6 5.Nf3 O-O 6.Be2 Na6 7.O-O e5 8.d5 Nc5
9.Qc2 a5 10.b3 Bd7 11.Bg5 h6 12.Bh4 g5 13.Bg3 Nfxe4 14.Nxe4 Nxe4 15.Qxe4 f5
16.Qe3 f4 17.Qd2 Qf6 18.Rad1 a4 19.Qc2 axb3 20.axb3 Ra3 21.Nd2 Rfa8 22.Ne4 Qe7
23.Bd3 Kh8 24.Qb2 Ra2 25.Qc3 fxg3 26.hxg3 Bf5 27.Ra1 Qf8 28.Rxa2 Rxa2 29.Ra1 Qa8
30.Rxa2 Qxa2 31.Qc2 Qa1+ 32.Qb1 Qd4 33.Qc2 c6 34.g4 Bh7 35.Kh1 Bf8 36.f3 cxd5
37.cxd5 Qxd5 38.Qc8 Kg7 39.Bc4 Qc6 40.Qe6 d5 41.Qxe5+ Kg6 42.Qf5+ Kg7 43.Qe5+ Kg6
44.Bxd5 Qc1+ 45.Kh2 Qf4+ 46.Qxf4 gxf4 47.Bxb7 Kf7 48.Bd5+ Ke7 49.g3 Bxe4
50.Bxe4 fxg3+ 51.Kxg3 Kf6 52.f4 Bd6 53.Bd5 Kg6 54.Bc6 Kf6 55.Kf3 Ke6 56.Ke4 Kf6
57.Bb5 Bc7 58.f5 Bd8 59.Kd5 h5 60.Be2 hxg4 61.Bxg4 Be7 62.Ke4 Bb4 63.Be2 Ke7
64.Kd5 Kd7 65.Kc4 Be7 66.Kb5 Bf6 67.b4 Kc7 68.Bf3 Kd6 69.Ka6 Ke5 70.Bg4 Kf4
71.Bh3 Kg3 72.Bf1 Kf4 73.Bd3 Ke5 74.Bb1 Kd4 75.b5 Kd5 76.b6 Bd4 77.b7 Be5
78.Ka7 Bc7 79.b8=Q Bxb8+ 80.Kxb8 Ke5 81.Kc7 Kf6 82.Kd6 Kf7 83.Ke5 Ke7 84.Ba2 Kf8
85.Kf6  1-0

[Event "O2C Doeberl Cup Premier 2013"]
[Site "Canberra AUS"]
[Date "2013.03.30"]
[Round "6.1"]
[White "Zhao Zong Yuan"]
[Black "Sethuraman,S"]
[Result "1/2-1/2"]
[WhiteElo "2537"]
[BlackElo "2532"]

1.c4 Nf6 2.Nf3 g6 3.d4 Bg7 4.Nc3 O-O 5.e4 d6 6.Be2 e5 7.O-O Na6 8.Be3 c6
9.d5 Ng4 10.Bg5 f6 11.Bc1 c5 12.Ne1 f5 13.exf5 gxf5 14.h3 Nf6 15.f4 Bd7 16.Nd3 Qe7
17.fxe5 dxe5 18.Bg5 e4 19.Nf4 Qe5 20.Qb3 Qd4+ 21.Kh1  1/2-1/2

[Event "O2C Doeberl Cup Premier 2013"]
[Site "Canberra AUS"]
[Date "2013.03.30"]
[Round "6.1"]
[White "Zhao Zong Yuan"]
[Black "Sethuraman,S"]
[Result "1/2-1/2"]
[WhiteElo "2537"]
[BlackElo "2532"]

1.c4 Nf6 2.Nf3 g6 3.d4 Bg7 4.Nc3 O-O 5.e4 d6 6.Be2 e5 7.O-O Na6 8.Be3 c6
9.d5 Ng4 10.Bg5 f6 11.Bc1 c5 12.Ne1 f5 13.exf5 gxf5 14.h3 Nf6 15.f4 Bd7 16.Nd3 Qe7
17.fxe5 dxe5 18.Bg5 e4 19.Nf4 Qe5 20.Bh4 Qd4+ 21.Kh2 Nb4 22.a3 Qxd1 23.Bxd1 Nd3
24.Nxd3 exd3 25.Rf3 b5 26.Bb3 Ne4 27.Rxd3 Nd6 28.Ba2 bxc4 29.Rd2 Rfe8 30.Bg3 Bxc3
31.bxc3 Ne4 32.Rdd1 Ba4 33.Rf1 Bb3 34.Bb1 Nxg3 35.Kxg3 Rad8 36.Bxf5 Rxd5
37.Kf4 Rf8 38.g4 Bc2 39.Kg5 Kg7 40.Rae1 h6+ 41.Kh4 Bxf5 42.gxf5 Rfxf5 43.Rxf5 Rxf5
44.Re4 Kf6 45.Rxc4 Ke6 46.Ra4 Ke5  1/2-1/2

[Event "ch-WLS 2013"]
[Site "Cardiff WLS"]
[Date "2013.03.30"]
[Round "2.16"]
[White "Taylor,RG"]
[Black "Thomas,Ben"]
[Result "1-0"]
[WhiteElo "1964"]
[BlackElo "1713"]

1.d4 Nf6 2.Nf3 g6 3.c4 Bg7 4.Nc3 O-O 5.e4 d6 6.Be2 Nbd7 7.O-O e5 8.d5 Nc5
9.Qc2 a5 10.Ne1 Qe7 11.f3 Nh5 12.Nd3 Nxd3 13.Bxd3 f5 14.Be3 f4 15.Bf2 Kh8
16.a3 g5 17.Be2 Nf6 18.b4 h5 19.c5 h4 20.cxd6 cxd6 21.Nb5 Rf7 22.Rac1 Bd7
23.Qc7 Bf8 24.Qxb7 Qd8 25.Qc7 Bxb5 26.Qxd8 Rxd8 27.Bxb5 Rb8 28.a4 axb4 29.Rc4 b3
30.Rb1 Be7 31.Rxb3 g4 32.Rbc3 Kh7 33.Rc8 Rb7 34.R3c7 Rxc7 35.Rxc7 Kg6 36.a5 g3
37.hxg3 hxg3 38.Bb6 Rh7 39.Rc8 Nxe4 40.fxe4 f3 41.gxf3 Kg5 42.Be3+ Kh4 43.a6 Kh3
44.a7 g2 45.a8=Q Kg3 46.Bf2+ Kxf3 47.Qa3+  1-0

[Event "17th Neckar Open"]
[Site "Deizisau GER"]
[Date "2013.03.30"]
[Round "5.10"]
[White "Demuth,A"]
[Black "Solleveld,Maa"]
[Result "1/2-1/2"]
[WhiteElo "2463"]
[BlackElo "2519"]

1.d4 Nf6 2.c4 g6 3.Nc3 Bg7 4.e4 d6 5.Nf3 O-O 6.Be2 e5 7.dxe5 dxe5 8.Qxd8 Rxd8
9.Nd5 Nxd5 10.cxd5 c6 11.Bc4 cxd5 12.Bxd5 Nd7 13.Bg5 Re8 14.Nd2 Nc5 15.Be3 Bf8
16.Ke2 Be6 17.Bxe6 Nxe6 18.f3 f5 19.Rhd1 Rac8 20.Rac1 Nf4+ 21.Bxf4 exf4 22.Rxc8 Rxc8
23.exf5 gxf5 24.Nb3 Bg7 25.Rd2 Kf7 26.Rd7+  1/2-1/2

[Event "36th San Sebastian Open"]
[Site "Donostia ESP"]
[Date "2013.03.30"]
[Round "9.12"]
[White "Lakunza Oyarbide,J"]
[Black "Thomassen,J"]
[Result "1-0"]
[WhiteElo "2116"]
[BlackElo "2394"]

1.d4 Nf6 2.Nf3 g6 3.c4 Bg7 4.Nc3 O-O 5.e4 d6 6.Be2 Na6 7.O-O e5 8.Bg5 h6
9.Bh4 Qe8 10.d5 Nc5 11.Nd2 a5 12.b3 Nh7 13.a3 h5 14.f3 Bh6 15.Rb1 Bd7 16.Bf2 f5
17.b4 axb4 18.axb4 Na4 19.Qc2 Nxc3 20.Qxc3 Ra2 21.Rb2 Rxb2 22.Qxb2 Qe7 23.c5 h4
24.Qc3 h3 25.g3 Nf6 26.Be3 f4 27.Bf2 fxg3 28.hxg3 Nh5 29.Kh2 g5 30.Be3 Kh7
31.Ra1 g4 32.fxg4 Bxe3 33.Qxe3 Nf6 34.Kxh3 Kg6 35.Kg2 Nxg4 36.Bxg4 Bxg4 37.Rh1 Qg7
38.Rh4 Bc8 39.Nf3 Kf7 40.Rh7  1-0

[Event "e2e4 Dublin Masters"]
[Site "Dublin IRL"]
[Date "2013.03.30"]
[Round "4"]
[White "Daly,C"]
[Black "Kosiorek,M"]
[Result "0-1"]
[WhiteElo "2340"]
[BlackElo "2366"]

1.d4 Nf6 2.c4 g6 3.Nc3 Bg7 4.e4 d6 5.Nf3 O-O 6.Be2 Nbd7 7.O-O e5 8.Re1 Re8
9.Bf1 c6 10.Rb1 exd4 11.Nxd4 Nc5 12.f3 a5 13.Be3 Nfd7 14.Qd2 a4 15.Red1 Be5
16.Bf2 Qf6 17.b4 axb3 18.axb3 Nf8 19.Qc2 Nfe6 20.Nde2 Nf4 21.Bg3 g5 22.Nxf4 gxf4
23.Be1 Kh8 24.b4 Ne6 25.Ne2 Ra3 26.Rb3 Rxb3 27.Qxb3 Nd4 28.Nxd4 Bxd4+ 29.Kh1 c5
30.Rxd4 cxd4 31.Qb2 Kg8 32.Bf2 Be6 33.Bxd4 Qg5 34.Bf6 Qg6 35.Bc3 Qg5 36.Qd2 Rd8
37.g3 f6 38.gxf4 Qh6 39.Qg2+ Kf8 40.f5 Bf7 41.Bd2 Qh4 42.Qg1 Bh5 43.Be2 Qh3
44.Bh6+ Ke7 45.Qg7+ Bf7 46.e5 dxe5 47.Be3 Rg8 48.Bc5+ Ke8  0-1

[Event "Pobeskydi Open 2013"]
[Site "Frydek-Mistek CZE"]
[Date "2013.03.30"]
[Round "5"]
[White "Rastropin,Yuriy"]
[Black "Novotny,Adam"]
[Result "1/2-1/2"]
[WhiteElo "1878"]
[BlackElo "1915"]

1.d4 Nf6 2.Nf3 g6 3.c4 Bg7 4.Nc3 O-O 5.e4 d6 6.Be2 e5 7.O-O exd4 8.Nxd4 Re8
9.f3 c6 10.Bg5 Qb6 11.Na4 Qa5 12.Bd2 Qd8 13.Nb3 Nbd7 14.Bb4 Nb6 15.Nc3 Be6
16.Bxd6 Nxc4 17.Bxc4 Bxc4 18.Rf2 Bxb3 19.axb3 Qb6 20.Na4 Qb5 21.Nc3 Qg5 22.Qd2 Qxd2
23.Rxd2 Nd7 24.Bb4 c5 25.Rxd7 cxb4 26.Nd5 Bxb2 27.Ra2 Bd4+ 28.Kf1 Rac8 29.Ne7+ Rxe7
30.Rxe7 Rc3 31.Rxb7 Rxb3 32.Raxa7 Rb1+ 33.Ke2 Rb2+ 34.Kd3 Bxa7 35.Rxa7 Rxg2
36.Rb7 Rb2 37.Ke3 b3 38.Kf4 Kg7 39.e5 Rxh2 40.Rxb3 Re2 41.Rb5 h5 42.Ra5 Kh6
43.Ra7 h4 44.Kg4 Rxe5 45.Kxh4 f5 46.Ra3 Re1 47.Kg3 Kg5 48.Ra5 Rg1+ 49.Kf2 Rb1
50.Kg3 Rb2 51.Ra4 Kh5 52.Rh4+ Kg5 53.Ra4 Kf6 54.Ra6+ Ke5 55.Rxg6 f4+ 56.Kh3 Rf2
57.Ra6 Rxf3+ 58.Kg2 Rb3 59.Ra2 Kf5 60.Kf1 Kg4 61.Rg2+ Rg3 62.Ra2 Kh3 63.Ra8 Rb3
64.Kf2 Re3 65.Rg8  1/2-1/2

[Event "17th Neckar Open"]
[Site "Deizisau GER"]
[Date "2013.03.31"]
[Round "6.15"]
[White "Bluebaum,M"]
[Black "Raykhman,A"]
[Result "1-0"]
[WhiteElo "2471"]
[BlackElo "2387"]

1.d4 Nf6 2.c4 g6 3.Nc3 Bg7 4.e4 d6 5.Nf3 O-O 6.Be2 e5 7.Be3 Ng4 8.Bg5 f6
9.Bh4 g5 10.Bg3 Nh6 11.dxe5 dxe5 12.Qc2 c6 13.Nd2 Qe7 14.O-O-O Be6 15.f3 Nd7
16.Bf2 Rfc8 17.Kb1 a6 18.Nf1 b5 19.h4 Rab8 20.hxg5 fxg5 21.Ne3 Qf7 22.g4 Nb6
23.Nf5 Nxf5 24.exf5 Bxc4 25.Bxc4 Nxc4 26.Ne4 h6 27.f6 Bf8 28.Nxg5 hxg5 29.Qf5 Bg7
30.Qh7+ Kf8  1-0

[Event "Pobeskydi Open 2013"]
[Site "Frydek-Mistek CZE"]
[Date "2013.03.31"]
[Round "8"]
[White "Zasko,Grigory"]
[Black "Rabatin,J"]
[Result "0-1"]
[WhiteElo "2149"]
[BlackElo "2174"]

1.d4 Nf6 2.c4 g6 3.Nc3 Bg7 4.e4 d6 5.Nf3 O-O 6.Be2 e5 7.d5 a5 8.Bg5 h6 9.Bh4 Na6
10.Nd2 Bd7 11.O-O Qe8 12.Qc2 Nh7 13.f3 h5 14.Bf2 Bh6 15.a3 Qe7 16.Rab1 h4
17.Kh1 Bf4 18.b4 axb4 19.axb4 Qg5 20.Rfd1 Nf6 21.Bf1 Nh5 22.Ne2 Be3 23.Kg1 f5
24.exf5 gxf5 25.Qc3 Bxf2+ 26.Kxf2 Rae8 27.Qe3 Qg6 28.Nc3 Rf7 29.Rb2 Rg7 30.Ndb1 f4
31.Qd3 Bf5 32.Ne4 h3 33.Kg1 Qh6 34.Rdd2 Kh8 35.Qc2 Reg8 36.Nbc3 Nb8 37.Nb5 Nf6
38.Kh1 Bxe4 39.fxe4 Ng4 40.Qd3 Ne3 41.Rf2 Nd7 42.Nxc7 Nf6 43.Ne6 Rg6  0-1

[Event "7th Philadelphia Open"]
[Site "Philadelphia USA"]
[Date "2013.03.31"]
[Round "9"]
[White "Zenyuk,I"]
[Black "Liang,Awonder"]
[Result "1/2-1/2"]
[WhiteElo "2263"]
[BlackElo "2005"]

1.d4 Nf6 2.c4 g6 3.Nc3 Bg7 4.e4 d6 5.Nf3 O-O 6.Be2 e5 7.O-O exd4 8.Nxd4 c6
9.Be3 Re8 10.f3 d5 11.cxd5 Nxd5 12.Nxd5 cxd5 13.Rc1 Nc6 14.Nxc6 bxc6 15.Bd4 Bxd4+
16.Qxd4 dxe4 17.Qxd8 Rxd8 18.fxe4 Be6 19.Bc4 Bxc4 20.Rxc4 Rd2 21.Rf2 Rd1+
22.Rf1 Rd2 23.Rf2  1/2-1/2

[Event "17th Neckar Open"]
[Site "Deizisau GER"]
[Date "2013.04.01"]
[Round "8.2"]
[White "Bacrot,E"]
[Black "Saric,Iv"]
[Result "1/2-1/2"]
[WhiteElo "2705"]
[BlackElo "2616"]

1.d4 Nf6 2.c4 g6 3.Nc3 Bg7 4.e4 d6 5.Nf3 O-O 6.Be2 e5 7.O-O exd4 8.Nxd4 Re8
9.f3 Nc6 10.Be3 Nh5 11.Qd2 Nf4 12.Nxc6 Nxe2+ 13.Nxe2 bxc6 14.Bd4 Bxd4+ 15.Qxd4 c5
16.Qc3 Bb7 17.Rae1 Qe7 18.Nc1 Qe5 19.Qxe5 Rxe5 20.Nd3 Re7 21.g4 f6 22.Kf2 Bc8
23.h4 Be6 24.Rc1 h6 25.Rg1 g5 26.Ke3 Rh7 27.Rh1 Kg7 28.b3 Rah8 29.Rc2 h5
30.hxg5 fxg5 31.gxh5 Rxh5 32.Rg1 Kf6 33.Rcg2 a5 34.Rg3 Rg8 35.R1g2 Rh3 36.e5+ dxe5
37.Nxc5 Rxg3 38.Ne4+ Ke7 39.Rxg3 g4 40.Nc5 gxf3 41.Rxg8 Bxg8 42.Kxf3 Kd6
43.Ne4+ Kc6  1/2-1/2